[Event "SVK Amateur-ch 2020"]
[Site "Topolcany"]
[Date "2020.07.12"]
[Round "5.28"]
[White "Dzwierzynski, Bartosz"]
[Black "Ihnat, Marek ml."]
[Result "1/2-1/2"]
[WhiteElo "1869"]
[BlackElo "2065"]
[Annotator "TA"]
[PlyCount "47"]
[EventDate "2020.07.10"]
[EventType "swiss"]
[EventCountry "SVK"]
[SourceTitle "playchess.com"]
[Source "ChessBase"]
[SourceQuality "1"]

{[%evp 16,47,-6,0,43,25,39,0,26,-41,-38,-35,50,-45,14,-47,-8,-56,-39,-37,-15,-19,-14,-20,-11,-11,21,0,0,0,0,0,0,3]} 1. d4 Nf6 2. c4 g6 3. Nc3 d5 4. cxd5 Nxd5 5. Bd2 Bg7 6. e4 Nb6 7. Be3 O-O 8. Nf3 Bg4 9. Be2 c6 {D90: Grünfeld: 4 Nf3 Bg7 sidelines.} (9... Bxf3 $5 10. Bxf3 (10. gxf3 e6 $11) 10... c5 $11) 10. h3 Bxf3 $1 {[#]} 11. Bxf3 $146 (11. gxf3 {is interesting.} e5 12. dxe5 Bxe5 13. h4 N8d7 14. h5) ({Predecessor:} 11. gxf3 e5 12. dxe5 Bxe5 13. Qc2 Qf6 14. O-O-O Bf4 15. Kb1 N8d7 16. h4 h5 17. e5 Qxe5 {0-1 (36) Leveikina,J (1994)-Laake,R (1938) Nordrheinwestfalen 2011}) 11... Nc4 12. Qb3 (12. e5 $11) 12... Nxe3 $15 13. fxe3 Qc7 (13... e5 $15) 14. Ne2 (14. e5 $14) 14... Nd7 ({Black should play} 14... e5 $15) 15. O-O (15. e5 $11) 15... Qb6 16. Qxb6 Nxb6 17. b3 Rac8 18. e5 {The position is equal.} e6 19. Rac1 Nd5 20. Bxd5 cxd5 21. Rxc8 Rxc8 22. Rc1 $1 {[%cal Rc1c8]} Rxc1+ 23. Nxc1 Bf8 24. Nd3 {Accuracy: White = 56%, Black = 57%.} 1/2-1/2

[Event "SVK Amateur-ch 2020"]
[Site "Topolcany"]
[Date "2020.07.12"]
[Round "5.29"]
[White "Marsina, Stefan"]
[Black "Blaho, Stefan"]
[Result "1/2-1/2"]
[WhiteElo "1829"]
[BlackElo "2050"]
[Annotator "TA"]
[PlyCount "116"]
[EventDate "2020.07.10"]
[EventType "swiss"]
[EventCountry "SVK"]
[SourceTitle "playchess.com"]
[Source "ChessBase"]
[SourceQuality "1"]

{[%evp 9,116,13,15,15,15,-22,0,0,0,-58,-35,-33,0,0,0,0,52,26,81,7,9,10,22,24,91,106,175,31,88,48,56,50,75,81,82,56,52,50,49,46,57,41,49,0,52,46,48,22,51,30,60,10,66,0,0,0,0,0,0,0,462,444,810,793,823,-180,-187,-1068,0,0,0,0,-3,-15,0,0,0,0,0,0,0,0,0,0,0,0,0,0,0,0,0,0,0,0,0,0,0,0,0,0,0,0,0,0,0,0,0,0,0]} 1. c4 e6 2. Nc3 d5 3. d4 Nf6 4. Bf4 Bb4 5. e3 O-O 6. Nf3 {D35: Queen's Gambit Declined: Exchange Variation.} c5 7. Qb3 Nc6 8. dxc5 Ne4 9. a3 {[#]} (9. Bd6 $11) 9... Bxc3+ $146 ({Predecessor:} 9... Qa5 10. Rc1 Bxc3+ 11. bxc3 Nxc5 12. Qb2 b6 13. Nd4 Bd7 14. cxd5 Nxd4 15. exd4 Na4 {0-1 (35) Mamedjarova,Z (2307)-Kosintseva,T (2474) Dresden 2007}) 10. bxc3 Qf6 11. cxd5 exd5 12. Rc1 Bf5 (12... Rd8 $11) 13. Be2 $36 {[%mdl 2048] White is more active.} Rad8 (13... Na5 $11 {remains equal.} 14. Qxd5 Rfd8) 14. O-O (14. Qxb7 $16 {And now Bd6 would win.} Nxc5 15. Qb5) 14... Nxc5 $11 15. Qb5 Ne6 16. Bg3 Bg4 (16... Rd7 $11) 17. Qxb7 $16 Nc5 (17... Ng5 $16) 18. Qb2 (18. Qb5 $18 Ne4 19. Qa4) 18... Rd7 ({Black should play} 18... Bxf3 $14 19. gxf3 Ne5) 19. Nd4 Bxe2 20. Qxe2 {Black must now prevent Qb5.} Ne4 21. Qg4 Rb7 22. Nxc6 Qxc6 23. Be5 {[%csl Ge5][%cal Rg4g7]} f6 24. Bd4 Rfb8 25. Qe2 Nd6 26. Qg4 Nc4 (26... Ne4 $11) 27. a4 $14 a5 28. Qf5 h6 29. h4 Kf7 30. g4 Qe6 (30... Rb2 $11) 31. Qf4 (31. Qxe6+ $1 $14 Kxe6 32. Kg2) 31... g5 $11 32. hxg5 hxg5 33. Qg3 Nd2 34. Rfd1 Rb2 $2 {[%mdl 8192] [#]} (34... Ne4 $11 {and Black stays safe.} 35. Qh3 Rh8 36. Qxh8 Qxg4+ 37. Kf1 Rb2 38. Qh7+ Ke6 39. Qg8+ Ke7 40. Qg7+ Ke6 41. Qg8+ Ke7 42. Qh7+ Kf8 43. Qh8+ Kf7 44. Qh7+ Ke6 45. Qg8+) 35. Rxd2 $1 $18 {[%mdl 512]} R2b7 (35... Rxd2 $142 36. Qxb8 Qxg4+ 37. Qg3 Qxg3+ 38. fxg3 Ke6) 36. f4 Qe4 37. Rh2 $4 {[%mdl 8192]} (37. fxg5 $18 {avoids the disaster.} Rb1 38. Kf2) 37... Rb1 $19 38. Re1 $2 (38. Qe1) 38... Rxe1+ $2 ({Black should try} 38... gxf4 $1 $19 39. Qh4 Rxe1+ 40. Qxe1 Rb1 $1 {[%mdl 512]}) 39. Qxe1 $11 {The position is equal.} Rb1 40. Qxb1 $1 Qxb1+ {[%mdl 4096] Endgame KQ-KRB} 41. Kf2 gxf4 42. exf4 Qc2+ 43. Kg3 Qd3+ 44. Kh4 Qh7+ 45. Kg3 Qd3+ 46. Kh4 Qf1 47. Kg3 Qd3+ 48. Kh4 Qf1 49. Kg3 Qd3+ 50. Kh4 Qd1 51. Kg3 Qxa4 52. Rh6 Kg7 53. g5 ({Don't blunder} 53. Rxf6 $2 {[#]} Qxd4 $3 {[%mdl 512]} 54. Rf5 Qxc3+ 55. Kh4 a4 $19) 53... Qc4 54. Rxf6 {Rc6+ would kill now.} Qd3+ 55. Kh4 {Hoping for Rb6+.} Qf3 56. Ra6+ Kg8 57. Ra8+ Kf7 58. Be5 Qh1+ {Accuracy: White = 72%, Black = 70%.} 1/2-1/2

[Event "SVK Amateur-ch 2020"]
[Site "Topolcany"]
[Date "2020.07.12"]
[Round "5.30"]
[White "Stevik, Patrik ml."]
[Black "Verbytskiy, Patrik"]
[Result "1-0"]
[WhiteElo "2047"]
[BlackElo "1824"]
[Annotator "ChessBase"]
[PlyCount "57"]
[EventDate "2020.07.10"]
[EventType "swiss"]
[EventCountry "SVK"]
[SourceTitle "playchess.com"]
[Source "ChessBase"]
[SourceQuality "1"]
[TimeControl "3600+30"]

1. b3 {[%emt 0:00:00]} e5 {[%emt 0:00:00]} 2. Bb2 {[%emt 0:00:00]} Nc6 {[%emt 0:00:00]} 3. e3 {[%emt 0:00:00]} Nf6 {[%emt 0:00:00]} 4. Nf3 {[%emt 0:00:00]} Bd6 {[%emt 0:00:00]} 5. d4 {[%emt 0:00:19]} exd4 {[%emt 0:00:01]} 6. exd4 {[%emt 0:00:14]} O-O {[%emt 0:00:05]} 7. Be2 {[%emt 0:00:05]} Bb4+ {[%emt 0:00:49]} 8. c3 {[%emt 0:00:41]} Be7 {[%emt 0:00:13]} 9. d5 {[%emt 0:00:31]} Nb8 {[%emt 0:00:25]} 10. O-O {[%emt 0:00:46]} d6 {[%emt 0:00:37]} 11. c4 {[%emt 0:01:02]} c6 {[%emt 0:00:28]} 12. dxc6 {[%emt 0:01:19]} bxc6 {[%emt 0:00:11]} 13. Nc3 {[%emt 0:00:27]} Nbd7 {[%emt 0:00:36]} 14. Nd4 {[%emt 0:00:52]} Qc7 {[%emt 0:01:36]} 15. Bf3 {[%emt 0:00:57]} Ne5 {[%emt 0:01:10]} 16. Re1 {[%emt 0:04:48]} Rb8 {[%emt 0:00:32]} 17. Nxc6 {[%emt 0:04:38]} Nxc6 {[%emt 0:12:57]} 18. Bxc6 {[%emt 0:00:08]} Qxc6 {[%emt 0:00:06]} 19. Rxe7 {[%emt 0:00:05]} Bb7 {[%emt 0:00:07]} 20. Qf1 {[%emt 0:02:51]} d5 {[%emt 0:02:04]} 21. cxd5 {[%emt 0:01:46]} Nxd5 {[%emt 0:00:04]} 22. Nxd5 {[%emt 0:00:18]} Qxd5 {[%emt 0:00:01]} 23. Rd1 {[%emt 0:00:47]} Qc6 {[%emt 0:00:22]} 24. Rdd7 {[%emt 0:00:56]} Rfd8 {[%emt 0:00:13]} 25. Rc7 {[%emt 0:02:00]} Qd5 {[%emt 0:00:14]} 26. Rxf7 {[%emt 0:01:05]} Qxf7 {[%emt 0:00:09]} 27. Rxf7 {[%emt 0:00:04]} Kxf7 {[%emt 0:00:04]} 28. Qc4+ {[%emt 0:00:28]} Kf8 {[%emt 0:00:21]} 29. Ba3+ {[%emt 0:00:10]} 1-0

[Event "SVK Amateur-ch 2020"]
[Site "Topolcany"]
[Date "2020.07.12"]
[Round "5.31"]
[White "Skreko, Igor"]
[Black "Brnusak, Tomas"]
[Result "0-1"]
[WhiteElo "1761"]
[BlackElo "2028"]
[Annotator "ChessBase"]
[PlyCount "120"]
[EventDate "2020.07.10"]
[EventType "swiss"]
[EventCountry "SVK"]
[SourceTitle "playchess.com"]
[Source "ChessBase"]
[SourceQuality "1"]
[TimeControl "3600+30"]

1. d4 {[%emt 0:00:00]} Nf6 {[%emt 0:00:00]} 2. c4 {[%emt 0:00:00]} g6 {[%emt 0:00:00]} 3. Nc3 {[%emt 0:00:00]} Bg7 {[%emt 0:00:16]} 4. e4 {[%emt 0:00:00]} d6 {[%emt 0:00:07]} 5. h3 {[%emt 0:00:00]} O-O {[%emt 0:00:20]} 6. Bg5 {[%emt 0:00:02]} Nbd7 {[%emt 0:01:47]} 7. Nf3 {[%emt 0:00:30]} c6 {[%emt 0:00:40]} 8. Be2 {[%emt 0:01:10]} e5 {[%emt 0:01:12]} 9. d5 {[%emt 0:01:38]} Qc7 {[%emt 0:00:16]} 10. Nd2 {[%emt 0:01:32]} a5 {[%emt 0:00:52]} 11. g4 {[%emt 0:01:21]} Nc5 {[%emt 0:02:39]} 12. h4 {[%emt 0:02:59]} h6 {[%emt 0:00:18]} 13. Be3 {[%emt 0:00:22]} Nfd7 {[%emt 0:02:43]} 14. g5 {[%emt 0:03:29]} h5 {[%emt 0:00:11]} 15. Rg1 {[%emt 0:01:48]} a4 {[%emt 0:03:54]} 16. Rg3 {[%emt 0:03:06]} Nb6 {[%emt 0:14:14]} 17. a3 {[%emt 0:07:26]} cxd5 {[%emt 0:00:50]} 18. cxd5 {[%emt 0:01:10]} Qe7 {[%emt 0:01:58]} 19. Kf1 {[%emt 0:04:13]} f5 {[%emt 0:09:20]} 20. gxf6 {[%emt 0:03:44]} Qxf6 {[%emt 0:00:10]} 21. Nf3 {[%emt 0:03:38]} Bg4 {[%emt 0:00:43]} 22. Ng5 {[%emt 0:02:36]} Nc4 {[%emt 0:02:36]} 23. Qe1 {[%emt 0:06:05]} Nxe3+ {[%emt 0:02:01]} 24. Rxe3 {[%emt 0:00:09]} Qf4 {[%emt 0:00:44]} 25. Kg2 {[%emt 0:06:48]} Nb3 {[%emt 0:02:46]} 26. Bxg4 {[%emt 0:01:19]} Qxg4+ {[%emt 0:01:09]} 27. Rg3 {[%emt 0:00:07]} Qxh4 {[%emt 0:00:21]} 28. Ne6 {[%emt 0:00:19]} Nxa1 {[%emt 0:01:03]} 29. Nxf8 {[%emt 0:01:54]} Rxf8 {[%emt 0:00:14]} 30. Qxa1 {[%emt 0:00:08]} Qf4 {[%emt 0:00:45]} 31. Qe1 {[%emt 0:02:22]} g5 {[%emt 0:01:35]} 32. Qe2 {[%emt 0:01:46]} g4 {[%emt 0:00:55]} 33. Nxa4 {[%emt 0:01:05]} Bf6 {[%emt 0:00:59]} 34. Kg1 {[%emt 0:03:14]} Bh4 {[%emt 0:00:40]} 35. Rg2 {[%emt 0:00:05]} g3 {[%emt 0:02:30]} 36. Nc3 {[%emt 0:02:30]} Qc1+ {[%emt 0:07:54]} 37. Nd1 {[%emt 0:00:34]} Rxf2 {[%emt 0:00:33]} 38. Rxf2 {[%emt 0:03:00]} gxf2+ {[%emt 0:00:06]} 39. Kf1 {[%emt 0:00:06]} Qg5 {[%emt 0:03:20]} 40. Nxf2 {[%emt 0:00:48]} Qf4 {[%emt 0:00:03]} 41. Kg1 {[%emt 0:01:15]} Bxf2+ {[%emt 0:00:05]} 42. Qxf2 {[%emt 0:00:04]} Qxe4 {[%emt 0:00:06]} 43. Qf6 {[%emt 0:01:51]} Qe3+ {[%emt 0:01:14]} 44. Kg2 {[%emt 0:00:12]} Qe2+ {[%emt 0:00:09]} 45. Kg1 {[%emt 0:00:23]} Qg4+ {[%emt 0:00:07]} 46. Kf2 {[%emt 0:00:14]} Qd4+ {[%emt 0:01:10]} 47. Kg3 {[%emt 0:00:51]} Qg4+ {[%emt 0:01:08]} 48. Kf2 {[%emt 0:00:31]} Qf4+ {[%emt 0:00:53]} 49. Qxf4 {[%emt 0:00:06]} exf4 {[%emt 0:00:02]} 50. Kf3 {[%emt 0:00:19]} Kf7 {[%emt 0:00:03]} 51. Kxf4 {[%emt 0:01:04]} Kf6 {[%emt 0:00:03]} 52. a4 {[%emt 0:02:33]} h4 {[%emt 0:00:11]} 53. a5 {[%emt 0:00:17]} h3 {[%emt 0:00:06]} 54. Kg3 {[%emt 0:00:06]} Ke5 {[%emt 0:00:05]} 55. Kxh3 {[%emt 0:01:33]} Kxd5 {[%emt 0:00:04]} 56. Kg3 {[%emt 0:00:24]} Kd4 {[%emt 0:02:51]} 57. Kf3 {[%emt 0:01:43]} Kd3 {[%emt 0:00:16]} 58. Kf4 {[%emt 0:01:39]} d5 {[%emt 0:00:08]} 59. b4 {[%emt 0:00:46]} Kc4 {[%emt 0:00:11]} 60. Ke5 {[%emt 0:00:28]} Kxb4 {[%emt 0:00:43]} 0-1

[Event "SVK Amateur-ch 2020"]
[Site "Topolcany"]
[Date "2020.07.12"]
[Round "5.32"]
[White "Pietrzak, Tomasz"]
[Black "Tropp, Frantisek"]
[Result "0-1"]
[WhiteElo "1896"]
[BlackElo "2032"]
[Annotator "ChessBase"]
[PlyCount "88"]
[EventDate "2020.07.10"]
[EventType "swiss"]
[EventCountry "SVK"]
[SourceTitle "playchess.com"]
[Source "ChessBase"]
[SourceQuality "1"]
[TimeControl "3600+30"]

1. d4 {[%emt 0:00:00]} Nf6 {[%emt 0:00:00]} 2. c4 {[%emt 0:00:00]} e6 {[%emt 0:00:00]} 3. g3 {[%emt 0:00:00]} d5 {[%emt 0:01:51]} 4. Bg2 {[%emt 0:00:08]} c6 {[%emt 0:02:37]} 5. Qc2 {[%emt 0:04:12]} Bd6 {[%emt 0:00:43]} 6. Nf3 {[%emt 0:00:20]} Nbd7 {[%emt 0:00:13]} 7. O-O {[%emt 0:01:27]} O-O {[%emt 0:00:25]} 8. Nbd2 {[%emt 0:01:59]} Re8 {[%emt 0:02:21]} 9. e4 {[%emt 0:05:02]} Nxe4 {[%emt 0:02:43]} 10. Nxe4 {[%emt 0:00:06]} dxe4 {[%emt 0:00:07]} 11. Qxe4 {[%emt 0:00:05]} e5 {[%emt 0:03:54]} 12. dxe5 {[%emt 0:19:26]} Nxe5 {[%emt 0:00:25]} 13. Nxe5 {[%emt 0:02:50]} Bxe5 {[%emt 0:00:36]} 14. Qc2 {[%emt 0:02:06]} Qf6 {[%emt 0:00:13]} 15. Qb3 {[%emt 0:08:16]} Rb8 {[%emt 0:08:02]} 16. Be3 {[%emt 0:03:06]} a6 {[%emt 0:06:57]} 17. Rae1 {[%emt 0:05:53]} Be6 {[%emt 0:02:29]} 18. Ba7 {[%emt 0:01:20]} Rbc8 {[%emt 0:01:14]} 19. Re4 {[%emt 0:04:31]} b5 {[%emt 0:03:09]} 20. Rfe1 {[%emt 0:00:37]} bxc4 {[%emt 0:00:14]} 21. Qe3 {[%emt 0:00:24]} Bxb2 {[%emt 0:00:38]} 22. f4 {[%emt 0:02:42]} Red8 {[%emt 0:06:11]} 23. Bh3 {[%emt 0:02:45]} h6 {[%emt 0:02:19]} 24. Bxe6 {[%emt 0:00:18]} fxe6 {[%emt 0:00:08]} 25. Rxe6 {[%emt 0:00:39]} Qf5 {[%emt 0:02:03]} 26. Re7 {[%emt 0:01:33]} Bf6 {[%emt 0:01:22]} 27. Re4 {[%emt 0:00:45]} c3 {[%emt 0:03:30]} 28. Bb6 {[%emt 0:00:50]} Rd2 {[%emt 0:00:16]} 29. Bd4 {[%emt 0:01:41]} Rxd4 {[%emt 0:05:51]} 30. Rxd4 {[%emt 0:00:14]} Bxd4 {[%emt 0:01:22]} 31. Qxd4 {[%emt 0:00:04]} c2 {[%emt 0:01:38]} 32. Qc4+ {[%emt 0:00:06]} Kh8 {[%emt 0:01:31]} 33. Rc1 {[%emt 0:00:04]} Rd8 {[%emt 0:01:14]} 34. Qxc2 {[%emt 0:00:18]} Qa5 {[%emt 0:03:07]} 35. Qxc6 {[%emt 0:01:08]} Qxa2 {[%emt 0:00:05]} 36. Qc7 {[%emt 0:01:00]} Qd2 {[%emt 0:00:28]} 37. Rc2 {[%emt 0:02:00]} Qe1+ {[%emt 0:01:01]} 38. Kg2 {[%emt 0:00:10]} Qe4+ {[%emt 0:00:11]} 39. Kf2 {[%emt 0:00:40]} Rd3 {[%emt 0:00:30]} 40. Qc8+ {[%emt 0:00:36]} Kh7 {[%emt 0:00:08]} 41. Qc6 {[%emt 0:00:30]} Rd2+ {[%emt 0:00:06]} 42. Rxd2 {[%emt 0:00:36]} Qxc6 {[%emt 0:00:05]} 43. Re2 {[%emt 0:00:30]} a5 {[%emt 0:00:07]} 44. Re3 {[%emt 0:00:10]} a4 0-1

[Event "SVK Amateur-ch 2020"]
[Site "Topolcany"]
[Date "2020.07.13"]
[Round "6.1"]
[White "Hros, Roman"]
[Black "Wisniewski, Michal"]
[Result "1/2-1/2"]
[WhiteElo "2199"]
[BlackElo "2127"]
[Annotator "TA"]
[PlyCount "31"]
[EventDate "2020.07.10"]
[EventType "swiss"]
[EventCountry "SVK"]
[SourceTitle "playchess.com"]
[Source "ChessBase"]
[SourceQuality "1"]

{[%evp 15,31,-1,29,-10,0,-15,9,28,26,13,6,20,44,-33,54,59,69,18]} 1. e4 Nf6 2. e5 Nd5 3. d4 d6 4. c4 Nb6 5. exd6 cxd6 6. Nc3 g6 7. Be3 Bg7 8. Qd2 Nc6 9. Be2 {B03: Alekhine's Defence: Four Pawns Attack.} O-O 10. Nf3 Bg4 11. d5 {The position is equal.} Bxf3 12. gxf3 Ne5 13. b3 Qc8 {[#]} 14. Rg1 $146 (14. h3 $14) ({Predecessor:} 14. f4 Ng4 15. Rc1 Nxe3 16. fxe3 a5 17. Ne4 Nd7 18. O-O Nc5 19. Nxc5 Qxc5 20. Kh1 {½-½ (30) Erturan,Y (2277)-Iashvili,A (2380) Ankara 2002}) 14... Qf5 (14... Qh3 $15) 15. f4 $14 Ned7 16. Rg5 {Accuracy: White = 50%, Black = 72%.} (16. Rc1 $14) 1/2-1/2

[Event "SVK Amateur-ch 2020"]
[Site "Topolcany"]
[Date "2020.07.13"]
[Round "6.1"]
[White "Pirvulescu, Adrian"]
[Black "Kolesar, Peter"]
[Result "0-1"]
[WhiteElo "1909"]
[BlackElo "1991"]
[Annotator "ChessBase"]
[PlyCount "62"]
[EventDate "2020.07.10"]
[EventType "swiss"]
[EventCountry "SVK"]
[SourceTitle "playchess.com"]
[Source "ChessBase"]
[SourceQuality "1"]
[TimeControl "3600+30"]

1. e4 {[%emt 0:00:00]} e6 {[%emt 0:00:14]} 2. d4 {[%emt 0:00:00]} c5 {[%emt 0:00:20]} 3. d5 {[%emt 0:00:00]} exd5 {[%emt 0:00:15]} 4. exd5 {[%emt 0:00:00]} d6 {[%emt 0:00:14]} 5. c4 {[%emt 0:04:14]} g6 {[%emt 0:00:14]} 6. Bd3 {[%emt 0:02:40]} Bg7 {[%emt 0:02:12]} 7. h3 {[%emt 0:00:21]} Ne7 {[%emt 0:04:33]} 8. Nf3 {[%emt 0:01:35]} O-O {[%emt 0:00:14]} 9. O-O {[%emt 0:00:17]} Bf5 {[%emt 0:03:17]} 10. Nc3 {[%emt 0:00:32]} a6 {[%emt 0:00:37]} 11. a4 {[%emt 0:04:58]} Nd7 {[%emt 0:01:03]} 12. Bf4 {[%emt 0:06:01]} Nf6 {[%emt 0:08:52]} 13. a5 {[%emt 0:02:56]} Qd7 {[%emt 0:03:35]} 14. Na4 {[%emt 0:09:03]} Rad8 {[%emt 0:01:34]} 15. Nb6 {[%emt 0:00:37]} Qc7 {[%emt 0:00:26]} 16. Ra3 {[%emt 0:02:50]} Bxd3 {[%emt 0:02:30]} 17. Qxd3 {[%emt 0:01:37]} Nh5 {[%emt 0:03:50]} 18. Bc1 {[%emt 0:06:50]} h6 {[%emt 0:00:55]} 19. Qc2 {[%emt 0:06:20]} Kh7 {[%emt 0:13:52]} 20. Bd2 {[%emt 0:00:04]} Rfe8 {[%emt 0:00:53]} 21. Rb1 {[%emt 0:03:52]} Nc8 {[%emt 0:02:45]} 22. Nxc8 {[%emt 0:01:30]} Rxc8 {[%emt 0:00:36]} 23. Re1 {[%emt 0:02:06]} Rxe1+ {[%emt 0:00:20]} 24. Bxe1 {[%emt 0:00:49]} Re8 {[%emt 0:00:59]} 25. Kf1 {[%emt 0:01:30]} Nf6 {[%emt 0:00:34]} 26. Nd2 {[%emt 0:04:19]} Qd8 {[%emt 0:05:01]} 27. Rb3 {[%emt 0:01:51]} Re7 {[%emt 0:01:40]} 28. Rb6 {[%emt 0:01:28]} Ne8 {[%emt 0:01:13]} 29. Qb3 {[%emt 0:00:41]} Qd7 {[%emt 0:00:16]} 30. f3 {[%emt 0:00:59]} Qf5 {[%emt 0:06:49]} 31. Ne4 {[%emt 0:01:59]} Rxe4 {[%emt 0:00:43]} 0-1

[Event "SVK Amateur-ch 2020"]
[Site "Topolcany"]
[Date "2020.07.13"]
[Round "6.2"]
[White "Kapusta, Petr"]
[Black "Iolis, Oleg"]
[Result "1-0"]
[WhiteElo "2120"]
[BlackElo "2166"]
[Annotator "TA"]
[PlyCount "93"]
[EventDate "2020.07.10"]
[EventType "swiss"]
[EventCountry "SVK"]
[SourceTitle "playchess.com"]
[Source "ChessBase"]
[SourceQuality "1"]

{[%evp 22,93,12,5,19,2,21,0,3,-105,-89,-124,-104,-143,-113,-102,-115,-97,-69,-199,-177,-299,-132,-421,-266,-279,-112,-115,-101,-80,-26,-19,-19,-46,-37,-22,-5,-10,0,0,52,0,205,218,202,175,231,215,209,226,220,179,292,145,350,239,315,201,235,235,229,226,306,304,288,288,288,288,360,337,1213,1160,884,497]} 1. e4 c5 2. Nf3 d6 3. d4 cxd4 4. Nxd4 Nf6 5. Nc3 a6 6. Be2 e5 7. Nb3 Be7 8. O-O O-O 9. Kh1 Nc6 10. f4 a5 11. a4 Nb4 12. Bf3 Bd7 {[#] B92: Sicilian Najdorf: 6 Be2.} 13. g4 $146 ({Predecessor:} 13. Be3 Qc7 14. Rf2 Rfc8 15. Rd2 b6 16. Qe2 Qb7 17. f5 Bc6 18. Bg5 Ne8 19. Bxe7 Qxe7 20. Rad1 Rd8 21. Nc1 {1-0 (49) Pogonina,N (2454)-Cramling,P (2521) Tehran 2016}) 13... Bc6 14. g5 Nd7 {The position is equal.} 15. f5 (15. Nd5 $11 {keeps the balance.}) 15... Bxg5 $17 16. Rg1 Bxc1 17. Rxc1 Nf6 18. Qd2 Kh8 19. Rg3 d5 20. Qg5 (20. exd5 $15 Nfxd5 21. Rcg1) 20... Rg8 $19 21. Qh4 (21. exd5 {was called for.} Nfxd5 22. Qh5) 21... g6 (21... d4 $19 22. Nb5 h6) 22. Rh3 $2 {[%mdl 8192]} (22. fxg6 $17 fxg6 23. exd5 Nfxd5 24. Qxd8 Rgxd8 25. Re1) 22... Rg7 23. exd5 Nfxd5 (23... Nbxd5 $19 {and Black stays clearly on top.} 24. Nxd5 Bxd5 25. fxg6 Rxg6) 24. Qxd8+ $17 Rxd8 25. Nxd5 Nxd5 (25... Bxd5 $17 26. f6 Rgg8) 26. f6 $11 Nxf6 {[#] Strongly threatening ...Ne4.} 27. Bxc6 bxc6 28. Nxa5 c5 29. Nc6 Re8 30. a5 Nd5 (30... Re6 $11 31. Nd8 Ra6) 31. a6 (31. Rd1 $14 Nb4 32. Nxb4 cxb4 33. Rb3) 31... Nb4 $2 (31... f5 $11 {and Black stays safe.}) 32. Nxb4 $18 cxb4 {[%mdl 4096] Endgame KRR-KRR} 33. Rb3 f5 (33... e4 {might work better.} 34. Rxb4 f5) 34. Rxb4 e4 35. Ra1 {And now a7 would win.} e3 36. Kg2 ({Inferior is} 36. a7 Rxa7 37. Rxa7 e2 $17) 36... Rc7 (36... Ra7 {is a better defense.}) 37. c3 (37. c4 $18) 37... Ree7 $2 (37... Kg7 $16 38. a7 Ra8) 38. Kf3 g5 39. Rb5 g4+ 40. Kf4 e2 {[#]} 41. Re1 $1 (41. Re5 $2 Rxe5 42. Kxe5 Re7+ 43. Kxf5 Rf7+ 44. Kxg4 Rf1 $19) 41... Ra7 42. Rb7 ({Not} 42. Rxf5 Rxa6 43. Kxg4 Rb6 $16) 42... Raxb7 43. axb7 Rxb7 44. Rxe2 Rb5 45. c4 Rb3 $2 (45... Rb8 46. Kxf5 Kg7 47. Kxg4 Kf6) 46. Kxf5 h5 47. Ke4 {Quite a comeback for White. Accuracy: White = 52%, Black = 36%.} 1-0

[Event "SVK Amateur-ch 2020"]
[Site "Topolcany"]
[Date "2020.07.13"]
[Round "6.2"]
[White "Kucera, Michal"]
[Black "Szocs, Ladislav"]
[Result "1-0"]
[WhiteElo "1991"]
[BlackElo "1791"]
[Annotator "ChessBase"]
[PlyCount "54"]
[EventDate "2020.07.10"]
[EventType "swiss"]
[EventCountry "SVK"]
[SourceTitle "playchess.com"]
[Source "ChessBase"]
[SourceQuality "1"]
[TimeControl "3600+30"]

1. e4 {[%emt 0:00:00]} d5 {[%emt 0:03:16]} 2. exd5 {[%emt 0:00:00]} Nf6 {[%emt 0:00:24]} 3. d4 {[%emt 0:00:17]} Nxd5 {[%emt 0:00:26]} 4. c4 {[%emt 0:00:27]} Nb6 {[%emt 0:00:27]} 5. Nc3 {[%emt 0:01:08]} e5 {[%emt 0:01:01]} 6. d5 {[%emt 0:02:55]} c6 {[%emt 0:01:04]} 7. a3 {[%emt 0:03:52]} Bd6 {[%emt 0:10:15]} 8. Be3 {[%emt 0:04:14]} Be7 {[%emt 0:09:49]} 9. d6 {[%emt 0:16:17]} Bf6 {[%emt 0:09:42]} 10. c5 {[%emt 0:02:32]} N6d7 {[%emt 0:00:14]} 11. Bc4 {[%emt 0:05:23]} O-O {[%emt 0:00:39]} 12. Nge2 {[%emt 0:02:59]} b6 {[%emt 0:01:22]} 13. cxb6 {[%emt 0:06:43]} axb6 {[%emt 0:00:13]} 14. O-O {[%emt 0:00:30]} Ba6 {[%emt 0:07:33]} 15. Bxa6 {[%emt 0:01:00]} Nxa6 {[%emt 0:00:16]} 16. Ne4 {[%emt 0:00:23]} c5 {[%emt 0:03:17]} 17. N2c3 {[%emt 0:01:33]} Rc8 {[%emt 0:01:16]} 18. f4 {[%emt 0:01:03]} exf4 {[%emt 0:10:03]} 19. Nxf6+ {[%emt 0:02:16]} Qxf6 {[%emt 0:02:48]} 20. Rxf4 {[%emt 0:01:25]} Qe6 {[%emt 0:00:30]} 21. Qd2 {[%emt 0:00:30]} Rc6 {[%emt 0:00:30]} 22. Rd1 {[%emt 0:08:24]} Qg6 {[%emt 0:04:03]} 23. Ra4 {[%emt 0:00:13]} Nab8 {[%emt 0:00:15]} 24. Nd5 {[%emt 0:01:14]} Qxd6 {[%emt 0:00:34]} 25. Bf4 {[%emt 0:00:30]} Ne5 {[%emt 0:00:30]} 26. Bxe5 {[%emt 0:00:30]} Qxe5 {[%emt 0:00:30]} 27. h3 {[%emt 0:00:30]} Kh8 {[%emt 0:00:30]} 1-0